A un paso del cielo: confesiones de un superviviente /

Guardado en:
Autor Principal: Irigoyen, Daniel
Formato: Libro
Publicado: Buenos Aires : Daniel Irigoyen , 2013
Edición:3a. ed.
Materias:
Etiquetas: Agregar Etiqueta
Sin Etiquetas, Sea el primero en etiquetar este registro!
LEADER 00572nam a22002055a 4500
001 CEM.cems013924
008 130507s2013##################000#0#####d
005 20210705091605.0
003 CEMS
245 1 0 |a A un paso del cielo: confesiones de un superviviente /  |c Daniel Irigoyen 
250 |a 3a. ed. 
260 |a Buenos Aires :  |b Daniel Irigoyen ,  |c 2013 
300 |a 381 p. 
590 |a 1064.013 
020 |a 9781847531162 
100 1 |a Irigoyen, Daniel 
653 |a Rock 
653 |a Cultura 
653 |a Biblioteca TC 
859 |a CEMS  |b BIB. CEMS - 11 de abril  |h TC  |p 1064.013  |t Ej.1